| 000 | 00529nam a2200181 4500 | ||
|---|---|---|---|
| 005 | 20251009133348.0 | ||
| 008 | 251003b |||||||| |||| 00| 0 eng d | ||
| 020 | _a9789395664790 | ||
| 041 | _aMarathi | ||
| 082 |
_a891.46 _bJOG |
||
| 100 |
_aJog Sunetra _9213666 |
||
| 245 |
_aThe Hero Of Tiger Hill : Eka Paramvirache Atmakathan _b: Captain (Honorary) Yogendra Sinh Yadav |
||
| 260 |
_aPune _bBharatiya Vichar Sadhana Pune Prakashan _c2024 |
||
| 300 | _a184 | ||
| 365 |
_b210.00 _cRs.00 |
||
| 650 | _aGeneral | ||
| 942 | _cBK | ||
| 999 |
_c367924 _d367924 |
||